00206nam a2200085Ia 4500001000800000005001700008008004100025245003700066260001700103116222320250827011640.0250824s9999 xx 000 0 und d 0aROTAMIZ MESSİcHÜSEYİN TOY bGENÇ HAYAT